[Event "Norway Chess 3rd"]
[Site "Stavanger"]
[Date "2015.06.18"]
[Round "3"]
[White "Nakamura, Hikaru"]
[Black "Caruana, Fabiano"]
[Result "1-0"]
[WhiteElo "2802"]
[BlackElo "2805"]
[Annotator "Mokal,P"]
[PlyCount "111"]
[EventDate "2015.06.16"]
[EventType "tourn"]
[EventRounds "9"]
[EventCountry "NOR"]
[EventCategory "22"]
[SourceTitle "CBM 167"]
[Source "ChessBase"]
[SourceDate "2015.07.13"]
[SourceVersion "1"]
[SourceVersionDate "2015.07.13"]
[SourceQuality "1"]

1. Nf3 Nf6 2. c4 c5 3. Nc3 Nc6 4. g3 d5 5. cxd5 Nxd5 6. Bg2 g6 7. O-O Bg7 8.
Nxd5 Qxd5 9. d3 O-O 10. Be3 Bd7 11. Nd4 Qd6 12. Nxc6 Bxc6 13. Bxc6 Qxc6 14. Rc1
Qa6 {A harmless opening variation has resulted in a very dry position which
seems likely to be heading towards a draw.} 15. Qb3 (15. Rxc5 {has been tried
before by Karjakin and Radjabov but neither of them could achieve anything
more than a draw} b6 (15... Qxa2 $5 16. Rb5 b6 17. Qa1 Qe6 18. Qa6 Rfc8 19. Ra1
Qc6 {1/2-1/2 Gausel,E (2540)-Tisdall,J (2480)/Reykjavik 1997/CBM 062}) 16. Rc4
Qxa2 17. Rb4 Rac8 (17... Rfc8 18. Qa1 Qd5 $11 {1/2-1/2 Radjabov,T (2788)
-Ivanchuk,V (2769)/Istanbul 2012/CBM 151 (30)}) 18. Qa1 Qxa1 19. Rxa1 Rc7 20.
Kg2 Rd8 21. Ra6 h5 22. b3 Be5 23. Re4 Bd6 24. b4 $5 Rdd7 25. b5 Rc2 26. Kf3 Rb2
$11 {1/2-1/2 Karjakin,S (2770)-Leko,P (2731)/Sochi RUS 2014/The Week in Chess
1045 (57)}) 15... b6 16. Rc4 Rfd8 17. Rfc1 Rd7 18. a3 Rad8 19. Rf4 $146 ({
A previous game simplified to an easy draw after} 19. Qc2 Bd4 20. Bxd4 Rxd4 21.
b4 Rxc4 22. Qxc4 Qxc4 23. Rxc4 Rd4 24. bxc5 Rxc4 25. dxc4 bxc5 26. f4 f5 27.
Kf2 Kf7 28. e3 e6 29. h3 h5 30. h4 a5 {1/2-1/2 Meier,G (2623)-Safarli,E (2653)/
Antalya TUR 2013/The Week in Chess 996}) 19... Bf6 ({It is hard to notice any
risk in the move} 19... e6 {as well. Should be equal.}) 20. h4 Qb7 21. Rc2 ({
The thematic break} 21. h5 $6 {does not promise anything here as Black can
simply take} gxh5 {[%cal Gh5h4] and always have the move ...h4 in his hand.})
21... Qb8 22. Rf3 Rd5 23. Bg5 Qd6 (23... Bxg5 {could have unnecessarily gone a
bit wild after} 24. e4 Bxh4 25. gxh4 (25. exd5 $6 Bf6 $15) 25... R5d7 26. Qxf7+
Kh8 $13 {with some sort of dynamic equality.}) 24. Bxf6 exf6 {Not all doubled
pawns are weak. Black's structure, although very slightly damaged is very
solid enough to hold.} 25. Qa4 a5 26. Qf4 f5 27. Qxd6 R8xd6 28. Rf4 Rd4 29.
Rxd4 Rxd4 30. Kg2 Kg7 31. Rc3 Kf6 32. e3 Rd6 33. Kf3 Ke5 34. a4 Kd5 35. Ke2 Rd7
36. Kd2 h6 37. Rc1 Kc6 38. Kc3 {Everything has gone pretty logically so far in
the fight between the World no.4 and the World no.2. White's better pawn
structure might give him a very slight chance to try and persist but obviously
the advantage is simply negligible for the R endgame.} b5 $6 {Suddenly strange
things begin to happen. For no apparent reason, Caruana creates further damage
to his pawn structure.} (38... Kd5 $11 {is pretty much equal.} 39. f3 h5 40.
Rd1 (40. e4+ fxe4 41. dxe4+ Ke5 $11) 40... Rd6 41. e4+ Ke5 42. exf5 Kxf5 43.
Re1 f6 44. Re7 g5 $11 {[%csl Gf5][%cal Gd6d3,Gd6b6]}) 39. axb5+ Kxb5 40. b3 $5
{This move is also a bit curious as White had an option of using the b3-square
for a R manouevre.} ({For example} 40. h5 g5 (40... gxh5 $2 41. Rh1 $18) 41.
Ra1 Re7 42. Ra3 {[%cal Ga3b3,Gb3b8]} f4 (42... a4 43. b3 axb3 44. Rxb3+ Kc6 45.
Rb8 $16) 43. e4 (43. gxf4 gxf4 44. e4 Re5 $11) 43... Re8 (43... fxg3 44. fxg3
Re8 45. Ra1 {[%cal Ga1f1]}) 44. Ra1 (44. Rb3+ Kc6 45. Kc4 Rd8) 44... Re5 45.
gxf4 gxf4 46. Rh1 f5 47. f3 fxe4 48. dxe4 Rg5 49. Rh4 a4 50. Rxf4 Rxh5 51. Rf8
$14) 40... g5 $2 {Suicidal. Within a span of 3 moves the position has gone
from dead equal to lost for Black, and surpisingly the reason has been gross
positional mistakes rather than any obvious blunders. The move ...g5 is
totally inexplicable for a player of Caruana's calibre.} (40... h5 $142 41. Ra1
Rd8 42. Ra4 {is a very slight edge for White but with accurate play Black is
likely to hold.}) 41. hxg5 hxg5 42. Rh1 {[%csl Rf5,Rf7,Rg5][%cal Gh1h6,Gh6h7,
Gh6f6,Gh7f7,Gh7g7,Gg7g5]} Ra7 43. Rh7 f4 (43... a4 44. bxa4+ Rxa4 45. Rxf7 Ra3+
46. Kd2 Ra2+ 47. Ke1 Ra1+ 48. Ke2 Ra2+ 49. Kf1 Ra1+ 50. Kg2 Rd1 51. Rxf5 Rxd3
52. Rxg5 $16) 44. gxf4 gxf4 45. e4 $1 {Making sure that he gets connected
passed pawns.} a4 46. bxa4+ Rxa4 47. Rxf7 Ra3+ 48. Kd2 Ra2+ 49. Ke1 Ra3 (49...
Kb4 50. Rxf4 Kc3 51. Rf3 Kd4 52. Re3 Ke5 53. Kf1 Rb2 54. Kg2 Rb7 55. Kf3 Rb2 (
55... Rd7 56. Ke2 $18) 56. Re1 Kd4 57. e5 $18) 50. Ke2 Ra2+ 51. Kf3 Rd2 52. Rd7
Kc6 53. Rd5 Kb6 54. e5 Kc6 55. Rd8 Kc7 56. Rd6 1-0

[Event "Norway Chess 3rd"]
[Site "Stavanger"]
[Date "2015.06.25"]
[Round "9"]
[White "Aronian, Levon"]
[Black "Nakamura, Hikaru"]
[Result "0-1"]
[WhiteElo "2780"]
[BlackElo "2802"]
[Annotator "Nakamura,H"]
[PlyCount "80"]
[EventDate "2015.06.16"]
[EventType "tourn"]
[EventRounds "9"]
[EventCountry "NOR"]
[EventCategory "22"]
[SourceTitle "CBM 167"]
[Source "ChessBase"]
[SourceDate "2015.07.13"]
[SourceVersion "1"]
[SourceVersionDate "2015.07.13"]
[SourceQuality "1"]

{Going into this critical last round, I was 1 point behind Topalov and 1/2 a
point behind Anand and on the same score as Giri. Having said that, Levon was
having a rather miserable event, so I felt like taking a shot to try and win.
Of course, considering my rather abysmal score against Levon with Black, I
wasn't ready to go insane, but I simply wanted to get a game.   However, I had
to also be realistic coming off an extremely disappointing draw against Maxime
Vachier-Lagrave the previous day where I missed several opportunities to win.} 
1. c4 {I was slightly surprised that Levon chose to play the English. After a
really terrible loss to Magnus Carlsen in round 8, I assumed that Levon would
try to be super solid.} e5 $1 {After move 1, I was already very happy as I had
achieved my goal of simply getting a position and playing chess!} 2. Nc3 Nc6 3.
g3 Bc5 $5 {A fairly unusual setup which isn't seen very often. The only high
level player who has used it consistently is GM Paco Vallejo.  I might add
that while I beat Paco, (see the notes to the game) I also recently had a game
in Gibraltar against Grandelius which I won, but the position was very unclear
at a certain point.} 4. Bg2 d6 5. e3 (5. a3 a6 6. e3 Nf6 7. Nge2 Ba7 8. b4 O-O
9. d3 Ne7 10. O-O c6 11. h3 Be6 12. Bb2 Qd7 13. Kh2 Ng6 14. Qd2 d5 15. c5 Rae8
$11 {1-0 (35) Nakamura,H (2776)-Grandelius,N (2602) Caleta 2015. While the
position is equal, I do prefer Black.}) 5... a6 6. Nge2 Ba7 7. a3 (7. b3 Nge7
8. Bb2 Rb8 9. d3 Bf5 10. Qd2 Qd7 11. h3 O-O 12. f4 Be6 13. d4 exd4 (13... Nf5
14. Bxc6 bxc6 15. O-O-O exd4 16. exd4 Ne7 17. g4 f5 18. g5 Bf7 19. Ng3 a5 20.
h4 a4 $1 21. Nxa4 Bxc4 22. bxc4 c5 $14 {1-0 (59) Nakamura,H (2753)-Vallejo
Pons,F (2716) Sao Paulo/Bilbao 2011}) 14. exd4 d5 15. c5 b6 16. cxb6 cxb6 17.
g4 f5 18. g5 b5 $13 {[%csl Ge4][%cal Ge7c8,Gc8d6,Gd6e4]}) 7... h5 $5 {A fairly
rare move, but I was inspired by the game of another Spanish GM, Anton
Guijarro.} 8. d4 (8. h4 Bg4 9. b3 Nge7 10. Bb2 Rb8 11. Qc2 Qd7 12. d3 O-O 13.
Rc1 Nd8 14. O-O Ne6 $11 {0-1 (39) Mwali,C (2250)-Anton Guijarro,D (2624)
Tromso 2014}) 8... h4 9. b4 Nge7 {The practical decision! Perhaps with deeper
and more concrete preparation 9...h3 will be playable, but it's too commital
without preparation.} (9... h3 $5 {This is also possible, but it's very
difficult to assess whether there is counterplay or the bishop on a7 is
completely dead.} 10. Bxc6+ bxc6 11. c5 {[%csl Ga7]} Qf6 12. Rf1 Qf3 13. Nb1
Qg2 (13... Nf6 14. Nd2 Qd5 15. f3 exd4 16. e4 Qh5 17. Nb3 $132 {Another very
difficult position to assess and one which is impossible to play over the
board.}) 14. dxe5 dxe5 15. Bb2 f6 16. Nd2 Qxh2 17. f3 $1 Qg2 18. Rf2 Qh1+ 19.
Rf1 Qg2 20. Rf2 $11 {One of the weirdest repetitions I have ever seen!}) 10. c5
$5 {More or less forcing the action. As Levon himself has said on many
occasions, once you push your pawns forward, they can never go back!} Bf5 $8
11. Bb2 Qd7 12. Qb3 h3 13. Bf3 exd4 (13... d5 $5 {Also possible, but I didn't
really see how to proceed after 14. 0-0.} 14. O-O Bd3 (14... e4 15. Bh1 Bg4 16.
f3 exf3 17. Bxf3 Bxf3 18. Rxf3 f5 19. Raf1 $14 {[%cal Ga3a4,Gb4b5,Ge2f4] White
is substantially better as he has more space, all the pawn breaks and a clear
initiative on both sides of the board.}) 15. e4 $5 Nxd4 16. Nxd4 Bxf1 17. Nxd5
Nxd5 18. Nf5 Bg2 19. Bxg2 hxg2 20. Qxd5 Qxd5 21. exd5 f6 $13 {The computers
assess this as equal, but I'd prefer to be White.}) 14. Nxd4 Bg4 (14... Nxd4
15. exd4 Be6 16. Qc2 (16. d5 $2 Bg4 $1 17. Ne4 Qf5 18. Nd2 Bxf3 19. Qxf3 dxc5
$17) 16... O-O-O 17. O-O Bg4 18. Bh1 dxc5 19. dxc5 f6 {Again, this looks very
scary to a human, but the computers seem to think that it is no big deal.}) 15.
Bxg4 Qxg4 16. Nxc6 Nxc6 17. Qd1 (17. cxd6 Ne5 18. Qd5 cxd6 19. f4 Nc6 20. Qd3
O-O 21. O-O Rfe8 22. Rae1 Rad8 23. Ne4 d5 24. Ng5 Qh5 25. Bd4 Nxd4 26. exd4 Qg6
$11) 17... Qg6 (17... Qxd1+ 18. Rxd1 dxc5 19. Nd5 (19. Ne4 Kf8 20. Nxc5 Bxc5
21. bxc5 Rh5 $1 22. Rc1 Rd8 23. Ke2 Rdd5 24. a4 Kg8 25. Ba3 Rhe5 $1 $15 {
[%cal Gc6d4,Gc6a5,Ge5e4]}) 19... O-O $1 20. b5 axb5 21. Nxc7 Rad8 22. Nxb5 Bb8
23. Ke2 $14 {[%csl Gh3] White has to be slightly better in the long run as h3
is probably a weakness as opposed to a strength.}) 18. cxd6 O-O-O (18... Ne5 $6
19. d7+ Kd8 20. O-O $14) 19. Rc1 $2 {A serious error.} (19. Qb1 $8 Qh5 20. dxc7
Kxc7 21. Qe4 Rhe8 22. Qf4+ Kc8 23. Rc1 Rd3 24. Qh4 $1 Qf5 25. Qf4 $1 Qh5 $11)
19... Rxd6 {Another practical decision as the computer line after 20.Nd5 would
be impossible to find.} (19... Ne5 20. Nd5 (20. O-O Rxd6 21. Qc2 (21. Qe2 $2
Rd2 22. Qxd2 Nf3+ 23. Kh1 Nxd2 $19) 21... Qxc2 22. Rxc2 Nf3+ 23. Kh1 Rhd8 $19 {
[%csl Gf3,Gh1,Gh3]}) 20... Nd3+ 21. Kf1 Qe4 22. Ne7+ Kd7 $1 23. Rxc7+ Ke8 $1
24. Bxg7 Qg2+ 25. Ke2 Qxf2+ 26. Kxd3 Rxd6+ 27. Kc3 (27. Bd4 Bxd4 $19) 27...
Qxe3+ 28. Kc2 Qe4+ 29. Kb3 Qe6+ 30. Kc3 Rxd1 31. Rxd1 Qg4 $1 32. Kc2 Bb8 $1 33.
Rc8+ Kxe7 34. Rxh8 Qc4+ 35. Kd2 (35. Bc3 Be5 $19) 35... Qa2+ 36. Kc1 Qxa3+ 37.
Bb2 Qe3+ 38. Kc2 Qe4+ 39. Rd3 Qe2+ 40. Rd2 Qc4+ 41. Kb1 Bd6 42. Rh4 Qf1+ 43.
Kc2 Qf5+ 44. Kc1 f6 $15) 20. Qc2 Qh5 21. Qe2 Ne5 {After the game, Levon
claimed that he simply missed this move.} 22. Qxh5 Nd3+ 23. Ke2 $2 {A strange
decision.} (23. Kf1 Rxh5 24. Rc2 Bxe3 $1 {A move that I saw in my calculations
at the board during the game.} 25. Ne4 (25. fxe3 Rf5+ 26. Kg1 (26. Ke2 Rf2+ 27.
Kd1 Nxb4+ $1 28. Kc1 Rxc2+ 29. Kb1 Rdd2 30. Bc1 Rxh2 31. axb4 Rxh1 32. Kxc2
Rxc1+ 33. Kxc1 h2 $19) 26... Rdf6 $19) 25... Re6 26. fxe3 Rxe4 27. Ke2 Nxb2 28.
Rxb2 Rhe5 29. Rb3 g5 $17 {I saw this during the game, and while Black is up a
pawn and much better, I'm not sure that this is trivial at all.}) 23... Nxc1+
24. Rxc1 Rxh5 25. g4 Re5 $19 {All of the smoke has cleared and the rest is
simply technique.} 26. Rg1 Re8 27. Rg3 Bd4 28. Na4 (28. Rxh3 b5 $1 29. Rh7 (29.
Nd1 Bxb2 30. Nxb2 Red8 $19 {[%csl Gb5][%cal Gb5c4,Gb5a4,Gd6d2] Domination.})
29... f5 30. gxf5 Bf6 31. Nd1 Bxb2 32. Nxb2 Red8 33. Rxg7 Rd2+ 34. Kf3 Rxb2 $19
) 28... Bxb2 29. Nxb2 Red8 30. Nc4 Rc6 31. Ne5 Rc2+ 32. Ke1 (32. Kf3 Rdd2 33.
Rxh3 Rxf2+ 34. Kg3 (34. Ke4 Rxh2 35. Rf3 f6 $19) 34... Rg2+ 35. Kf3 Rxh2 36.
Rxh2 Rxh2 37. Nxf7 Ra2 $19) 32... f6 33. Nf3 Rh8 34. g5 Ra2 35. Nd4 Rxa3 36.
Ne6 (36. g6 Ra1+ 37. Ke2 Rh1 38. Nf5 Rxh2 39. Nxg7 Rg2 40. Nf5 h2 41. g7 h1=Q
42. gxh8=Q+ Qxh8 43. Rxg2 Qh5+ $19) 36... Ra1+ 37. Ke2 Rh1 38. gxf6 gxf6 39.
Nf4 b6 (39... Rxh2 40. Rg1 Rg2 41. Nxg2 Rg8 42. e4 hxg2 43. f4 c5 44. bxc5 a5
45. Kf2 a4 $19 {[%cal Ga4a3,Ga3a2] This is also winning, but what's the point
when there is a cleaner way to win.}) 40. Nxh3 Rb1 0-1

[Event "Sinquefield Cup 3rd"]
[Site "Saint Louis"]
[Date "2015.08.28"]
[Round "6"]
[White "So, Wesley"]
[Black "Nakamura, Hikaru"]
[Result "0-1"]
[WhiteElo "2779"]
[BlackElo "2814"]
[Annotator "Szabo,Kr"]
[PlyCount "78"]
[EventDate "2015.08.23"]
[EventType "tourn"]
[EventRounds "9"]
[EventCountry "USA"]
[EventCategory "22"]
[SourceTitle "CBM 168"]
[Source "ChessBase"]
[SourceDate "2015.09.14"]
[SourceVersion "1"]
[SourceVersionDate "2015.09.14"]
[SourceQuality "1"]

1. d4 Nf6 2. c4 g6 3. Nc3 Bg7 4. e4 d6 5. Nf3 O-O 6. Be2 e5 7. O-O Nc6 8. d5
Ne7 9. Ne1 Nd7 (9... Ne8 {is the another main line.}) 10. f3 f5 11. Be3 f4 12.
Bf2 g5 13. Nd3 (13. Rc1) ({and} 13. a4 {are more popular.}) 13... Ng6 14. c5
Nf6 15. Rc1 Rf7 16. Kh1 h5 17. cxd6 cxd6 18. Nb5 {Both players are following
their plans: White plays on the queenside to create some weaknesses and Black
attacks his opponent K as fast as possible.} (18. Qb3 {was tried in a
correspondence game,} g4 19. Nb5 g3 (19... a6 {could have been met by} 20. Nc7
$1 Rxc7 21. Bb6 Ne8 22. Rxc7 Nxc7 23. Rc1 $16 {and White is better.}) 20. Bxa7
Bf8 21. Rc2 Bd7 22. Bg1 gxh2 23. Bf2 h4 24. Rfc1 h3 25. g3 fxg3 26. Bxg3 Bxb5
27. Qxb5 Bh6 $36 {with a nice position for Black, Hiltunen-Sekretaryov, ICCF
2011.}) 18... a6 19. Na3 $146 {Novelty by So.} ({A few days ago} 19. Na7 {
was played by Kjartansson} Bd7 20. Qb3 g4 21. Qb6 Qxb6 22. Bxb6 h4 23. Nf2 h3
24. gxh3 gxf3 25. Bxf3 Nh4 $13 {with a complicated position,
Kjartansson-Kovalev, Riga 2015.}) 19... b5 $1 {The right move! Black avoids
the Nc4-b6 maneuver.} 20. Rc6 g4 21. Qc2 Qf8 (21... g3 $5 {was also possible,}
22. Bb6 (22. hxg3 $6 fxg3 23. Bxg3 h4 24. Bf2 Nh5 $40 {with a strong attack.})
22... Qf8 23. h3 Nh4 24. Rc1 Bd7 25. Bf1 $1 $13 {and White tries to hold his
kingside.}) 22. Rc1 Bd7 23. Rc7 $2 {Releasing the tension on d6 and a6 is too
lenient on Black's position, moreover Black's 7th rank is protected, the d7 B
closes the kingside from the c7 R.} (23. Nb4 $1 {was better} Bxc6 (23... Bh6 $5
24. Rxa6 Nxe4 $1 25. Bxb5 (25. fxe4 $2 Rxa6 26. Nxa6 f3 $1 $17) 25... Rxa6 26.
Nxa6 $13 {with a very complicated position.}) 24. dxc6 $44 {with a strong
compensation.}) 23... Bh6 24. Be1 {White removes the B from potential g3 moves
with tempo.} h4 $1 {The most precise attacking move!} 25. fxg4 $2 {White takes
the "poisoned P", because ...h3 was too dangerous. Nevertheless this is a
mistake.} (25. Bb4 {was more solid,} h3 26. gxh3 {and still White can try to
defence.}) 25... f3 26. gxf3 Nxe4 $1 {The best reply! Of course Nakamura
doesn't want to take on c1. His B is more important then the R.} 27. Rd1 $2 {
Loses immediately, but White's position was already bad.} ({In case of White
captures with} 27. fxe4 $2 Rf1+ $1 28. Kg2 Be3 $1 29. Bxf1 h3+ $1 $19 {and
Black wins.}) (27. Rxd7 Rxf3 $1 28. Bxf3 Qxf3+ 29. Qg2 Qxd3 30. Rd1 Bd2 $3 {
This is the key move!} (30... Qxd1 $2 31. Qxe4 $132) 31. Bxd2 Nf4 $1 $19 {
and White is getting mated.}) (27. Nc5 dxc5 28. Rxd7 Rxd7 29. Qxe4 Bxc1 30.
Qxg6+ Rg7 $19 {is also losing.}) (27. Nf2 Nxf2+ 28. Bxf2 Bxc1 29. Qxg6+ Rg7 $17
{and Black is better. Probably this was the best practical chance yet.}) 27...
Rxf3 $1 {Nakamura continues the strong attack, White is already hopeless.} 28.
Rxd7 (28. Bxf3 Qxf3+ 29. Qg2 Bxg4 $19 {is completely winning.}) 28... Rf1+ $1
29. Kg2 Be3 $1 {Another fantastic move!} (29... h3+ {was also winning:} 30.
Kxh3 Rf2 $3 31. Bxf2 Qxf2 $3 32. Nxf2 Nf4+ 33. Kh4 Bg5# {What a beautiful mate
by Mr. Houdini!}) 30. Bg3 hxg3 31. Rxf1 Nh4+ 32. Kh3 Qh6 $1 {White has a clear
R up, but he can't avoid the mate.} 33. g5 Nxg5+ 34. Kg4 Nhf3 35. Nf2 Qh4+ 36.
Kf5 Rf8+ 37. Kg6 Rf6+ $1 38. Kxf6 Ne4+ 39. Kg6 Qg5# {and mate! What a
brilliant victory by Nakamura!} 0-1